000 00538nam a22001937a 4500
003 SISC
005 20160308150906.0
008 130822t xxu||||| |||| 00| 0 eng d
020 _a9511131877
050 _aPH 301
_b.L189 1994
082 _aHS 894.541
_bL146 1992
100 _aLaitinen, Kai
_912220
245 _aLiterature of Finland :
_ban outline /
_cKai Laitinen
260 _aHelsinki :
_bOtava,
_cc1994.
300 _a163 p. :
_bill. ;
_c20 cm.
650 _aliterature of findland
_912221
942 _2lcc
_cBK
999 _c9241
_d9241